000
00253nam a22001217a 4500
008
180125b xxu||||| |||| 00| 0 eng d
041
_a
eng
080
_a
574
100
_a
9
101
_a
mje
245
_a
woodlan ecology
_c
leon.s.m
942
_2
udc
_c
BK
999
_c
40958
_d
40958